000 00437nam a2200157 i 4500
001 95527
003 ES-MaACL
005 20230906181726.0
007 t|
008 050531s1971 sp ||||1| cat d
100 1 _aLladó, Miquel.
_972651
245 1 4 _aEls camins de la por
_b: narracions /
_cMiguel Lladó.
260 _aTárrega :
_bmirador del Pirineu,
_c1971.
300 _a218 p. ;
_c21 cm.
852 _aES-MaACL
_jC-47041
_bR.80405
999 _c95527
_d95527